TEXTBOOK OF ANATOMY AND PHYSIOLOGY FOR PARAMEDICALS & HEALTH PROFESSIONALS (Record no. 8897)

MARC details
000 -LEADER
fixed length control field 00523nam a22001817a 4500
005 - DATE AND TIME OF LATEST TRANSACTION
control field 20251204144915.0
008 - FIXED-LENGTH DATA ELEMENTS--GENERAL INFORMATION
fixed length control field 251008b |||||||| |||| 00| 0 eng d
020 ## - INTERNATIONAL STANDARD BOOK NUMBER
ISBN 978-93-88725-99-6
041 ## - LANGUAGE CODE
Language code of text/sound track or separate title eng
082 ## - DEWEY DECIMAL CLASSIFICATION NUMBER
Classification number 612 KHU-A
100 ## - MAIN ENTRY--AUTHOR NAME
Personal name KHURANA, INDU AND KHURANA, ARUSHI
245 ## - TITLE STATEMENT
Title TEXTBOOK OF ANATOMY AND PHYSIOLOGY FOR PARAMEDICALS & HEALTH PROFESSIONALS
250 ## - EDITION STATEMENT
Edition statement 1ST ED. 2020
260 ## - PUBLICATION, DISTRIBUTION, ETC. (IMPRINT)
Place of publication NEW DELHI
Name of publisher CBS PUBLISHERS
300 ## - PHYSICAL DESCRIPTION
Number of Pages 551;P
650 ## - SUBJECT ADDED ENTRY--TOPICAL TERM
Topical Term PARAMEDICAL
General subdivision BMLT/BMIRT
942 ## - ADDED ENTRY ELEMENTS (KOHA)
Koha item type Books
Holdings
Lost status Damaged status Collection code Home library Current library Date acquired Source of acquisition Cost, normal purchase price Serial Enumeration / chronology Full call number Accession Number Koha item type Shelving location
    PARAMEDICAL JRU Library JRU Library 08/10/2025 PURCHASE 1195.00 LBI/000780. DATE-4-10-2025 612 28986 Books  
    PARAMEDICAL JRU Library JRU Library 08/10/2025 PURCHASE 1195.00 LBI/000780. DATE-4-10-2025 612 28987 Books SHELF-105-B
    PARAMEDICAL JRU Library JRU Library 08/10/2025 PURCHASE 1195.00 LBI/000780. DATE-4-10-2025 612 28988 Books SHELF-28-D
    PARAMEDICAL JRU Library JRU Library 08/10/2025 PURCHASE 1195.00 LBI/000780. DATE-4-10-2025 612 28989 Books SHELF-105-B
    PARAMEDICAL JRU Library JRU Library 08/10/2025 PURCHASE 1195.00 LBI/000780. DATE-4-10-2025 612 28990 Books SHELF-105-B
    Bachelor of Medical Laboratory Technology JRU Library JRU Library 01/12/2025 PURCHASE 1195.00 LBI-000811/28-11-2025 612 KHU-A 29157 Books SHELF-105-B
    Bachelor of Medical Laboratory Technology JRU Library JRU Library 01/12/2025 PURCHASE 1195.00 LBI-000811/28-11-2025 612 KHU-A 29158 Books SHELF-105-B
    Bachelor of Medical Laboratory Technology JRU Library JRU Library 01/12/2025 PURCHASE 1195.00 LBI-000811/28-11-2025 612 KHU-A 29159 Books SHELF-105-B
    Bachelor of Medical Laboratory Technology JRU Library JRU Library 01/12/2025 PURCHASE 1195.00 LBI-000811/28-11-2025 612 KHU-A 29160 Books SHELF-105-B
    Bachelor of Medical Laboratory Technology JRU Library JRU Library 01/12/2025 PURCHASE 1195.00 LBI-000811/28-11-2025 612 KHU-A 29161 Books SHELF-105-B